[Event "SVK-chT4A21 1314"]
[Site "Slovakia"]
[Date "2014.01.12"]
[Round "6.5"]
[White "Sedlak, Rastislav"]
[Black "Slaba, Andrea"]
[Result "1-0"]
[WhiteElo "1761"]
[BlackElo "1294"]
[PlyCount "125"]
[EventDate "2013.10.06"]
[EventType "team-tourn"]
[EventRounds "11"]
[EventCountry "SVK"]
[SourceTitle "EXT 2022"]
[Source "ChessBase"]
[SourceDate "2021.10.06"]
[SourceVersion "1"]
[SourceVersionDate "2021.10.06"]
[SourceQuality "1"]
[WhiteTeam "Piestany Kupele II"]
[BlackTeam "Chtelnica Kamenar"]
[WhiteTeamCountry "SVK"]
[BlackTeamCountry "SVK"]

1. e4 e6 2. d4 d5 3. exd5 exd5 4. Nf3 Nf6 5. Be2 Be7 6. 0-0 0-0 7. c4 dxc4 8. Bxc4 Nc6 9. Nc3 Na5 10. Bd3 Bg4 11. Re1 Re8 12. Be3 Nc6 13. Bb5 Bd7 14. Rc1 a6 15. Ba4 b5 16. Bb3 Na5 17. Bc2 Nc4 18. b3 Nxe3 19. Rxe3 Bb4 20. Ne4 Nxe4 21. Bxe4 Rb8 22. Qd3 g6 23. Ne5 Bd6 24. Nxd7 Qxd7 25. Bc6 Rxe3 26. Qxe3 Qe7 27. Qxe7 Bxe7 28. d5 Bd6 29. Re1 b4 30. h3 Kg7 31. g4 g5 32. Kg2 h6 33. Kf3 Kf6 34. Ke4 Kg6 35. Bd7 Rd8 36. Bf5+ Kf6 37. Kd4 Bf8 38. Rc1 c5+ 39. Kc4 Re8 40. Rc2 Bd6 41. f3 Re7 42. Be4 Kg7 43. a3 Rb7 44. axb4 Rxb4+ 45. Kc3 Be5+ 46. Kd2 Rd4+ 47. Ke2 Bd6 48. Ra2 Bf4 49. Rxa6 Rd2+ 50. Ke1 Rh2 51. Rc6 Bg3+ 52. Kd1 Rh1+ 53. Kc2 Rh2+ 54. Kd3 Bf2 55. d6 Rh1 56. Ke2 Bg3 57. d7 Re1+ 58. Kd2 Ra1 59. d8Q Ra2+ 60. Kd3 Be5 61. Rxc5 Ra1 62. Kc4 Rc1+ 63. Kb5 1-0

[Event "SVK-chT4A21 1314"]
[Site "Slovakia"]
[Date "2013.12.08"]
[Round "5.4"]
[White "Sedlak, Rastislav"]
[Black "Kubik, Peter"]
[Result "1-0"]
[WhiteElo "1761"]
[BlackElo "1824"]
[PlyCount "141"]
[EventDate "2013.10.06"]
[EventType "team-tourn"]
[EventRounds "11"]
[EventCountry "SVK"]
[SourceTitle "EXT 2022"]
[Source "ChessBase"]
[SourceDate "2021.10.06"]
[SourceVersion "1"]
[SourceVersionDate "2021.10.06"]
[SourceQuality "1"]
[WhiteTeam "Piestany Kupele II"]
[BlackTeam "Skalica II"]
[WhiteTeamCountry "SVK"]
[BlackTeamCountry "SVK"]

1. e4 e5 2. Nf3 Nc6 3. Bc4 Bc5 4. 0-0 Nf6 5. d3 h6 6. Nc3 d6 7. h3 Na5 8. Bb3 c6 9. Na4 Bb6 10. Nxb6 axb6 11. c3 Nxb3 12. Qxb3 Be6 13. c4 0-0 14. a3 Qc7 15. Qc3 Rfd8 16. b4 Ra4 17. Bb2 Nh5 18. Bc1 Qe7 19. Be3 c5 20. b5 Qf6 21. Nh2 Qg6 22. Kh1 f5 23. exf5 Bxf5 24. g4 Bxd3 25. gxh5 Qe4+ 26. f3 Qxe3 27. Rad1 e4 28. Rfe1 Rxc4 29. Qxc4+ Bxc4 30. Rxe3 exf3 31. Nxf3 Bxb5 32. Rb1 Bc6 33. Rxb6 d5 34. Ne5 Re8 35. Kg1 d4 36. Re1 c4 37. Kf2 Rf8+ 38. Ke2 d3+ 39. Ke3 Re8 40. Kd2 Rf8 41. Nxc4 Rf2+ 42. Kxd3 Rh2 43. Re3 Rh1 44. Ne5 Bg2 45. a4 Bxh3 46. Rxb7 Bf5+ 47. Kd4 Rh4+ 48. Kc5 Rxa4 49. Rb8+ Kh7 50. Nf7 g6 51. Re7 Kg7 52. hxg6 Kxg6 53. Rb6+ Kh5 54. Rxh6+ Kg4 55. Rf6 Bc2 56. Re8 Rf4 57. Rg8+ Kf3 58. Rxf4+ Kxf4 59. Kd4 Bb1 60. Nd6 Kf3 61. Rf8+ Kg4 62. Ke5 Kg5 63. Rg8+ Kh5 64. Kf4 Bc2 65. Ne4 Bb1 66. Rg1 Bc2 67. Nf6+ Kh6 68. Nd5 Kh5 69. Ne3 Bd3 70. Nf5 Bxf5 71. Kxf5 1-0

[Event "SVK-chT4A21 1314"]
[Site "Slovakia"]
[Date "2013.10.20"]
[Round "2.5"]
[White "Tomasovic, Martin"]
[Black "Sedlak, Rastislav"]
[Result "1/2-1/2"]
[WhiteElo "1715"]
[BlackElo "1761"]
[PlyCount "87"]
[EventDate "2013.10.06"]
[EventType "team-tourn"]
[EventRounds "11"]
[EventCountry "SVK"]
[SourceTitle "EXT 2022"]
[Source "ChessBase"]
[SourceDate "2021.10.06"]
[SourceVersion "1"]
[SourceVersionDate "2021.10.06"]
[SourceQuality "1"]
[WhiteTeam "Vrbove"]
[BlackTeam "Piestany Kupele II"]
[WhiteTeamCountry "SVK"]
[BlackTeamCountry "SVK"]

1. e4 e5 2. Nf3 Nc6 3. Bc4 Nf6 4. d3 h6 5. Nc3 Bb4 6. 0-0 Bxc3 7. bxc3 0-0 8. Re1 d6 9. h3 Re8 10. Bb2 Bd7 11. Nd2 a6 12. Qf3 Na5 13. Bb3 Nxb3 14. cxb3 c5 15. Nc4 Be6 16. Ne3 b5 17. Rad1 Qa5 18. Rd2 Rad8 19. Ra1 Qc7 20. c4 b4 21. Re2 a5 22. Bc1 Qd7 23. Nf5 Bxf5 24. Qxf5 Qxf5 25. exf5 Ra8 26. g3 a4 27. Rb1 axb3 28. axb3 Ra6 29. Bb2 Ra2 30. Ree1 Kf8 31. Kg2 Nd7 32. Kf1 f6 33. g4 Nb6 34. f3 d5 35. Ke2 dxc4 36. dxc4 Rd8 37. Ke3 Nc8 38. Re2 Ne7 39. Ra1 Rxa1 40. Bxa1 Nc6 41. Ke4 Nd4 42. Rd2 Ke7 43. Bxd4 Rxd4+ 44. Ke3 1/2-1/2

[Event "SVK-chT3A2 1213"]
[Site "Slovakia"]
[Date "2012.11.18"]
[Round "4.3"]
[White "Sedlak, Rastislav"]
[Black "Steinecker, Frantisek"]
[Result "0-1"]
[WhiteElo "1592"]
[BlackElo "1708"]
[PlyCount "132"]
[EventDate "2012.10.07"]
[EventType "team-tourn"]
[EventRounds "11"]
[EventCountry "SVK"]
[SourceTitle "EXT 2015"]
[Source "ChessBase"]
[SourceDate "2014.11.20"]
[SourceVersion "1"]
[SourceVersionDate "2014.11.20"]
[SourceQuality "1"]
[WhiteTeam "Piestany Kupele II"]
[BlackTeam "Trnava Lokomotiva Solartec III"]
[WhiteTeamCountry "SVK"]
[BlackTeamCountry "SVK"]

1. e4 d6 2. d4 g6 3. Nf3 Bg7 4. Bc4 Nf6 5. Nc3 c6 6. 0-0 0-0 7. h3 Nbd7 8. Re1 b5 9. Bb3 e5 10. dxe5 dxe5 11. Bg5 Qc7 12. a3 Nc5 13. Ba2 Be6 14. b4 Bxa2 15. Rxa2 Ne6 16. Ra1 h6 17. Be3 Rad8 18. Qe2 Nh5 19. g3 Nd4 20. Bxd4 exd4 21. Na2 d3 22. cxd3 Bxa1 23. Rxa1 Qd7 24. d4 Qxh3 25. Rc1 Qg4 26. Qe3 Rfe8 27. Ne5 Qe6 28. Nc3 Kg7 29. Ne2 Rd6 30. g4 f6 31. gxh5 fxe5 32. dxe5 Qxe5 33. Qxa7+ Re7 34. Qc5 Qxc5 35. Rxc5 Rxe4 36. Ng3 Rg4 37. Kf1 Rc4 38. Re5 Rc1+ 39. Kg2 Kf6 40. Re3 Kf7 41. Ne4 Re6 42. Rf3+ Kg7 43. Nc5 Rf6 44. Re3 gxh5 45. Re7+ Kf8 46. Re5 Rg6+ 47. Kf3 Rc3+ 48. Ke2 Rxa3 49. Rxh5 Ra2+ 50. Ke3 Kf7 51. f4 Ra3+ 52. Ke4 Ra1 53. Nd3 Rd6 54. Ne5+ Kg7 55. Nd3 Rd1 56. Rh3 h5 57. Ne5 R6d4+ 58. Kf5 Rf1 59. Rxh5 Rdxf4+ 60. Ke6 Rf6+ 61. Ke7 Rg1 62. Kd7 Rd1+ 63. Ke7 Rdd6 64. Rg5+ Kh6 65. Rg1 Rde6+ 66. Kd7 Rxe5 0-1

[Event "SVK-chT3A2 1011"]
[Site "Slovakia"]
[Date "2011.02.13"]
[Round "8.8"]
[White "Kosar, Attila"]
[Black "Sedlak, Rastislav"]
[Result "1/2-1/2"]
[WhiteElo "1498"]
[BlackElo "1560"]
[PlyCount "117"]
[EventDate "2010.10.17"]
[EventType "team-tourn"]
[EventRounds "11"]
[EventCountry "SVK"]
[SourceTitle "EXT 2019"]
[Source "ChessBase"]
[SourceDate "2018.10.10"]
[SourceVersion "1"]
[SourceVersionDate "2018.10.10"]
[SourceQuality "1"]
[WhiteTeam "Gabcikovo Russel"]
[BlackTeam "Piestany Kupele II"]
[WhiteTeamCountry "SVK"]
[BlackTeamCountry "SVK"]

1. e4 e5 2. Nf3 Nc6 3. Bc4 Nf6 4. Nc3 Bb4 5. d3 Bxc3+ 6. bxc3 h6 7. 0-0 0-0 8. Re1 d6 9. h3 Re8 10. Rb1 Na5 11. Bb3 c5 12. c4 Bd7 13. Bd2 Nxb3 14. axb3 a5 15. Ra1 a4 16. Qc1 Nh7 17. Ra3 b5 18. cxb5 Bxb5 19. Qb2 axb3 20. Qxb3 Rxa3 21. Qxa3 Qa8 22. Ra1 Bc6 23. Qxa8 Rxa8 24. Rxa8+ Bxa8 25. c4 Bc6 26. Kf1 Ba4 27. Ke2 Nf6 28. Nh4 Bd7 29. f4 exf4 30. Nf3 g5 31. e5 Ne8 32. Ba5 Bc6 33. exd6 Nxd6 34. Bd8 Bxf3+ 35. Kxf3 f5 36. h4 Nb7 37. Bc7 Kf7 38. g3 fxg3 39. Kxg3 Kg6 40. hxg5 hxg5 41. Be5 Na5 42. Bd6 Nb3 43. Kh3 Kh5 44. Kg3 Kg6 45. Be7 g4 46. Kh4 Kf7 47. Bd6 Ke6 48. Bf4 Nd4 49. Be3 Nf3+ 50. Kg3 Ne5 51. Bxc5 Nxd3 52. Bd4 Ne5 53. c5 Kd5 54. Bg1 Nd3 55. Be3 Nxc5 56. Kf4 Ne4 57. Kxf5 g3 58. Kf4 Nf2 59. Kxg3 1/2-1/2

[Event "SVK-chT3A2 0910"]
[Site "Slovakia"]
[Date "2010.02.28"]
[Round "9.7"]
[White "Sedlak, Rastislav"]
[Black "Planka, Peter"]
[Result "0-1"]
[WhiteElo "1562"]
[BlackElo "1776"]
[PlyCount "104"]
[EventDate "2009.10.18"]
[EventType "team-tourn"]
[EventRounds "11"]
[EventCountry "SVK"]
[SourceTitle "EXT 2011"]
[Source "ChessBase"]
[SourceDate "2010.11.26"]
[SourceVersion "1"]
[SourceVersionDate "2010.11.26"]
[SourceQuality "1"]
[WhiteTeam "Piestany Kupele II"]
[BlackTeam "Skalica"]
[WhiteTeamCountry "SVK"]
[BlackTeamCountry "SVK"]

1. e4 e5 2. Nf3 Nc6 3. Bc4 Bc5 4. 0-0 Nf6 5. d3 h6 6. Nc3 d6 7. h3 Na5 8. Bb3 Nxb3 9. axb3 0-0 10. Na4 Nd7 11. Re1 a6 12. Be3 Bxe3 13. Rxe3 f5 14. exf5 Rxf5 15. c4 b6 16. b4 Bb7 17. Nc3 Rf4 18. Ne4 Qf8 19. Qb3 Nf6 20. Rae1 Nxe4 21. dxe4 Qf7 22. b5 a5 23. Qd3 Rf8 24. R1e2 Bc8 25. Kh2 Be6 26. b3 Bxh3 27. gxh3 Rxf3 28. Rxf3 Qxf3 29. Qd5+ Kh7 30. Qd1 Rf6 31. Qf1 Qd3 32. Re1 Qxf1 33. Rxf1 Rf3 34. b4 axb4 35. Rb1 b3 36. Kg2 Rc3 37. f3 Rc2+ 38. Kg3 b2 39. Kg4 Kg6 40. h4 Rg2+ 41. Kh3 Rc2 42. Rg1+ Kf6 43. Rb1 g5 44. hxg5+ Kxg5 45. Kg3 h5 46. Kh3 Kf4 47. c5 Kxf3 48. cxd6 cxd6 49. Kh4 Kxe4 50. Kxh5 Kd3 51. Kg4 Kc3 52. Rd1 Rd2 0-1